Statistics for Raise A Little Hell (Reprise) - Bonnie & Clyde The Musical - Lyrics

Click here to take the quiz!

General Stats

  • This quiz has been taken 5 times
  • The average score is 92 of 150

Answer Stats

CharacterLyric% Correct
a
100%
hell
100%
little
100%
raise
100%
do
80%
for
80%
get
80%
heaven
80%
I
80%
TedI'm
80%
it
80%
It
80%
That
80%
that
80%
the
80%
to
80%
Clyde & BuckWe
80%
Al
60%
all
60%
TedAll
60%
are
60%
be
60%
Clyde
60%
comin'
60%
don't
60%
end
60%
everything
60%
her
60%
in
60%
is
60%
ClydeIt's
60%
let's
60%
love
60%
much
60%
now
60%
Now
60%
of
60%
our
60%
over?
60%
Say
60%
see
60%
So
60%
so
60%
Than
60%
their
60%
These
60%
they
60%
time
60%
won't
60%
after
40%
ain't
40%
around
40%
Barrow
40%
Been
40%
ClydeBig
40%
bigger
40%
bones
40%
can
40%
change
40%
dreams
40%
famous
40%
feel
40%
Finally
40%
folks
40%
forty-fives
40%
gave
40%
God
40%
gonna
40%
goodbye
40%
hand
40%
heroes?
40%
hundred
40%
just
40%
lives
40%
long
40%
matters
40%
money
40%
more
40%
my
40%
rest
40%
save
40%
small
40%
standin'
40%
tall?
40%
thinkin'
40%
took
40%
town
40%
Until
40%
wanna
40%
want
40%
Why
40%
ya
40%
Capone's
20%
corner
20%
die
20%
time's
20%

Score Distribution

Percentile by Number Answered

Percent of People with Each Score

Your Score History

You have not taken this quiz